| 000 | 01070nam a2200253Ia 4500 | ||
|---|---|---|---|
| 999 |
_c41448 _d41448 |
||
| 001 | 8112 | ||
| 003 | GE_BSU | ||
| 005 | 20240318172754.0 | ||
| 008 | 181216s2010||||ge |||||||||||||| ||geo|| | ||
| 020 | _a9789941912559 | ||
| 040 | _cGE_BSU | ||
| 041 | _ageo | ||
| 080 | _a339.727(075.8) შ–81 | ||
| 100 |
_aშონია, ნანა _913905 |
||
| 245 |
_aსაერთაშორისო სავალუტო ბაზარი Forex / _cნანა შონია, ნუნუ ქიქოძე ; რედ. არჩილ ცერცვაძე. |
||
| 264 |
_aთბილისი : _b [ინოვაცია], _c2010. |
||
| 300 |
_a292 გვ. : _bნახ. ; _c20 სმ. |
||
| 504 | _aბიბლიოგრ. : გვ. 287-288 | ||
| 541 | _h13ლ. | ||
| 653 | _aსაერთაშორისო სავალუტო ბაზარი | ||
| 700 |
_aქიქოძე, ნუნუ _eავტორი _921458 |
||
| 700 |
_aცერცვაძე, არჩილ _eრედაქტორი _917735 |
||
| 942 |
_cBK _2udc |
||